LEADER 01229nam a2200265 u 4500 001 000000029342 003 CaOOAMICUS 005 20070226111915.0 008 970228r19581883au u000 u ger u 035 $a10753668 040 $aIPA$bita 100 1 $aSchmitz, Hermann Joseph,$d1841-1899.$0(OLS)http://pul/name/23737 245 14$aDie Bussbücher und die Bussdisciplin der Kirche nach handschritlichen Quellen dargestellt /$cHerm. Jos. Schmitz. 260 $aGraz :$bAkademische Druck- und Verlagsanstalt,$c1958. 300 $axvi, 864 p. ;$c24 cm 500 $aRist. dell'ed.: Mainz : F. Kirchheim, 1883. 500 $aComprende indici. 650 4$aPenitenza$xStoria$yEvo medio.$0(OLS)http://pul/subject/16857 650 4$aLibri penitenziali.$0(OLS)http://pul/subject/10599 850 $aPUL 852 $aPUL$W1$xDP1 Fondo Ciprotti$y59$m1542 C 31$j40660$nBK-PRI$b $qFondi$B40660$CPULBib$Z2$F40660 $H $81 941 1 $a1 961 $aINV: Fondo Ciprotti 996 $6245$aDie Bussbücher und die Bussdisciplin der Kirche nach handschritlichen Quellen dargestellt$9(OLS)http://pul/title/40186 996 $6260$aGraz :$bAkademische Druck- und Verlagsanstalt$9(OLS)http://pul/publisher/60336 LEADER 01084nam a2200277 a 4500 001 000000169712 003 CaOOAMICUS 005 20181003112806.0 008 181003s2008 it u000 u ita r 020 $a978-88-04-56851-3* 032 $aLibriCat 040 $aPUL$bita 100 1 $aGrassi, Stefano.$0(OLS)http://pul/name/64428 245 13$aIl caso Moro :$bun dizionario italiano /$cStefano Grassi. 260 $aMilano :$bMondadori,$cİ2008. 300 $a829 p. ;$c21 cm. 490 1 $aStrade blu. Nonfiction 600 14$aMoro, Aldo,$d1916-1978.$0(OLS)http://pul/subject/11773 830 0$aStrade blu.$pNonfiction.$0(OLS)http://pul/title/166345 850 $aPUL 852 $aPUL$W1$xDP1 Fondo Dalla Palma$y117$m10 A 58$j163735$qFondi$B197721$CPULBib$Z2$F197721 $HDal266 $81 941 1 $a1 996 $6020$a978-88-04-56851-3*$9(OLS)http://pul/number/164770 996 $6245$aIl caso Moro :$bun dizionario italiano$9(OLS)http://pul/title/210363 996 $6260$aMilano :$bMondadori$9(OLS)http://pul/publisher/50297